000
00294 a2200133 4500
000
nam a22 7a 4500
100
_a
Tondon
110
_a
Tondon
245
_a
aircraft & auation basics for defence studies
250
_a
latest edition
260
_c
2026
264
_c
2026
942
_c
BK
999
_c
395549
_d
395549